000 00735nam a2200217 a 4500
001 000006276
005 20200929153917.0
008 090827s2000 dr a r 000 0 spa d
040 _aDO-SdBNP
_bspa
_cBNPHU
082 _a370.12
_bG216c
100 1 _aGarcía, Pedro Norberto
_917534
245 1 3 _aEl constructivismo en la transformación curricular /
_cPedro Norberto García.
260 _aSanto Domingo :
_bEdiciones Nativo,
_c2000.
300 _a220 p. :
_bil. ;
_c22 cm.
504 _aBibliografía : p.182-189
590 _aInventariado, 2018/LP
650 4 _aDesarrollo curricular
_917535
650 4 _aConstructivismo (educación)
_917240
650 4 _aAptitud de aprendizaje
_9733
910 _aValidado. Control de calidad. EMS
999 _c6071
_d6071